<?xml version="1.0" encoding="UTF-8"?>
<record
    xmlns:xsi="http://www.w3.org/2001/XMLSchema-instance"
    xsi:schemaLocation="http://www.loc.gov/MARC21/slim http://www.loc.gov/standards/marcxml/schema/MARC21slim.xsd"
    xmlns="http://www.loc.gov/MARC21/slim">

  <leader>01336nam a22003617a 4500</leader>
  <controlfield tag="003">CHAP</controlfield>
  <controlfield tag="005">20220817044323.0</controlfield>
  <controlfield tag="008">100301s2001    mx a    r     00010 spa d</controlfield>
  <datafield tag="010" ind1=" " ind2=" ">
    <subfield code="a">97639</subfield>
  </datafield>
  <datafield tag="011" ind1=" " ind2=" ">
    <subfield code="a">98611</subfield>
  </datafield>
  <datafield tag="035" ind1=" " ind2=" ">
    <subfield code="a">109296</subfield>
  </datafield>
  <datafield tag="040" ind1=" " ind2=" ">
    <subfield code="c">CHAP</subfield>
  </datafield>
  <datafield tag="082" ind1="1" ind2="4">
    <subfield code="a">384.3</subfield>
    <subfield code="b">So47</subfield>
  </datafield>
  <datafield tag="100" ind1="1" ind2=" ">
    <subfield code="a">Sol&#xED;s Manjarrez, Leopoldo.</subfield>
    <subfield code="9">108445</subfield>
  </datafield>
  <datafield tag="245" ind1="1" ind2="3">
    <subfield code="a">La econom&#xED;a de internet</subfield>
    <subfield code="c">/por Leopoldo Sol&#xED;s Manjarr&#xE9;z, Alejandro &#xC1;ngeles Sevilla y Arturo D&#xED;az Le&#xF3;n</subfield>
  </datafield>
  <datafield tag="260" ind1=" " ind2=" ">
    <subfield code="a">M&#xE9;xico, D. F. :</subfield>
    <subfield code="b">Instituto de Investigaci&#xF3;n Econ&#xF3;mica y Social Lucas Alam&#xE1;n,</subfield>
    <subfield code="c">2001</subfield>
  </datafield>
  <datafield tag="300" ind1=" " ind2=" ">
    <subfield code="a">2v :</subfield>
    <subfield code="b">ilus.</subfield>
  </datafield>
  <datafield tag="590" ind1=" " ind2=" ">
    <subfield code="a">BATCH-UPD</subfield>
    <subfield code="b">10</subfield>
    <subfield code="c">20130110</subfield>
    <subfield code="l">UCH01</subfield>
    <subfield code="h">0856</subfield>
  </datafield>
  <datafield tag="590" ind1=" " ind2=" ">
    <subfield code="a">BATCH-UPD</subfield>
    <subfield code="b">10</subfield>
    <subfield code="c">20130410</subfield>
    <subfield code="l">UCH01</subfield>
    <subfield code="h">0527</subfield>
  </datafield>
  <datafield tag="590" ind1=" " ind2=" ">
    <subfield code="a">BATCH-UPD</subfield>
    <subfield code="b">10</subfield>
    <subfield code="c">20130914</subfield>
    <subfield code="l">UCH01</subfield>
    <subfield code="h">1217</subfield>
  </datafield>
  <datafield tag="590" ind1=" " ind2=" ">
    <subfield code="a">CONVERSION</subfield>
    <subfield code="b">10</subfield>
    <subfield code="c">20130109</subfield>
    <subfield code="l">UCH01</subfield>
    <subfield code="h">1354</subfield>
  </datafield>
  <datafield tag="650" ind1="1" ind2="4">
    <subfield code="a">INTERNET.</subfield>
  </datafield>
  <datafield tag="650" ind1="1" ind2="4">
    <subfield code="a">Mercadeo</subfield>
    <subfield code="x">Sistemas de informaci&#xF3;n.</subfield>
    <subfield code="9">74885</subfield>
  </datafield>
  <datafield tag="650" ind1="1" ind2="4">
    <subfield code="a">Propiedad intelectual.</subfield>
    <subfield code="9">92423</subfield>
  </datafield>
  <datafield tag="650" ind1="1" ind2="4">
    <subfield code="a">Redes computarizadas.</subfield>
    <subfield code="9">95378</subfield>
  </datafield>
  <datafield tag="650" ind1="1" ind2="4">
    <subfield code="a">Sistemas de informaci&#xF3;n.</subfield>
    <subfield code="9">106760</subfield>
  </datafield>
  <datafield tag="700" ind1="1" ind2=" ">
    <subfield code="a">&#xC1;ngeles Sevilla, Alejandro.</subfield>
    <subfield code="9">82431</subfield>
  </datafield>
  <datafield tag="700" ind1="1" ind2=" ">
    <subfield code="a">D&#xED;az Le&#xF3;n, Arturo.</subfield>
    <subfield code="9">33527</subfield>
  </datafield>
  <datafield tag="901" ind1=" " ind2=" ">
    <subfield code="a">BK</subfield>
  </datafield>
  <datafield tag="942" ind1=" " ind2=" ">
    <subfield code="c">LIBRO</subfield>
  </datafield>
  <datafield tag="949" ind1=" " ind2=" ">
    <subfield code="a">384.3 So47</subfield>
    <subfield code="b">BC</subfield>
    <subfield code="c">LIBRO</subfield>
    <subfield code="d">33724002108025</subfield>
    <subfield code="e">LIBRO</subfield>
    <subfield code="f">v.1</subfield>
    <subfield code="g">I.c/e</subfield>
    <subfield code="h">111996</subfield>
    <subfield code="i">109296</subfield>
    <subfield code="s">i</subfield>
  </datafield>
  <datafield tag="949" ind1=" " ind2=" ">
    <subfield code="a">384.3 So47</subfield>
    <subfield code="b">BC</subfield>
    <subfield code="c">LIBRO</subfield>
    <subfield code="d">33724002109488</subfield>
    <subfield code="e">LIBRO</subfield>
    <subfield code="f">v.2</subfield>
    <subfield code="g">I.c/e</subfield>
    <subfield code="h">111997</subfield>
    <subfield code="i">109296</subfield>
    <subfield code="s">b</subfield>
  </datafield>
  <datafield tag="999" ind1=" " ind2=" ">
    <subfield code="c">97639</subfield>
    <subfield code="d">97639</subfield>
  </datafield>
  <datafield tag="952" ind1=" " ind2=" ">
    <subfield code="0">0</subfield>
    <subfield code="1">0</subfield>
    <subfield code="2">ddc</subfield>
    <subfield code="4">0</subfield>
    <subfield code="5">2</subfield>
    <subfield code="7">0</subfield>
    <subfield code="8">GRAL</subfield>
    <subfield code="a">BC</subfield>
    <subfield code="b">BC</subfield>
    <subfield code="c">PA_GRAL</subfield>
    <subfield code="d">2019-12-31</subfield>
    <subfield code="e">I.c/e</subfield>
    <subfield code="f">LIBRO</subfield>
    <subfield code="l">0</subfield>
    <subfield code="o">384.3 So47</subfield>
    <subfield code="p">33724002108025</subfield>
    <subfield code="r">2019-12-31 00:00:00</subfield>
    <subfield code="t">v.1</subfield>
    <subfield code="w">2019-12-31</subfield>
    <subfield code="y">LIBRO</subfield>
  </datafield>
  <datafield tag="952" ind1=" " ind2=" ">
    <subfield code="0">0</subfield>
    <subfield code="1">0</subfield>
    <subfield code="2">ddc</subfield>
    <subfield code="4">0</subfield>
    <subfield code="5">2</subfield>
    <subfield code="7">0</subfield>
    <subfield code="8">GRAL</subfield>
    <subfield code="a">BC</subfield>
    <subfield code="b">BC</subfield>
    <subfield code="c">PA_GRAL</subfield>
    <subfield code="d">2019-12-31</subfield>
    <subfield code="e">I.c/e</subfield>
    <subfield code="f">LIBRO</subfield>
    <subfield code="l">0</subfield>
    <subfield code="o">384.3 So47</subfield>
    <subfield code="p">33724002109488</subfield>
    <subfield code="r">2019-12-31 00:00:00</subfield>
    <subfield code="t">v.2</subfield>
    <subfield code="w">2019-12-31</subfield>
    <subfield code="y">LIBRO</subfield>
  </datafield>
</record>
